000 00399nam a2200133Ia 4500
005 20260328104320.0
008 260328s9999||||xx |||||||||||||| ||und||
100 _aMarshall, Perry
245 0 _a80/20 :
_b sales and marketing the definitive Guide to Working less and making more /
_cPerry Marshall
260 _bEntrepeneur Press
300 _a230 p.
650 _aDISEÑO INDUSTRIAL
942 _cBK
999 _c11339
_d11339